000 00323nam a22001337a 4500
008 171020b xxu||||| |||| 00| 0 eng d
020 _a9780787965617
041 _aeng
080 _23 ED
_a338
100 _a54
101 _aMEN
245 _aUNDERSTANDING MANAGING PUBLIC ORGANIZATION
_cRAINEY.H.G
942 _2udc
_cBK
999 _c35023
_d35023